Německý akciový trh

Z histórie nemeckého kapitálového trhu. Právne podmienky: akciový zákon, zákon o úschove a správe cenných papierov, zákon o burze, zákon o prospekte cenného papiera, zákon o obchodoch s cennými papierami. Inštitúcie nemeckého kapitálového trhu: spolkový dozor nad burzovým obchodom, štátni komisári,...

Descrizione completa

Salvato in:
Dettagli Bibliografici
Autore principale: Břicháček, Jiří
Natura: Capitolo di libro
Lingua:ceco
Soggetti:
Tags: Aggiungi Tag
Nessun Tag, puoi essere il primo ad aggiungerne!!

MARC

LEADER 00000naa a2200000 4500
001 r033237
005 20230908085404.1
041 0 |a cze 
044 |a CZ 
245 1 0 |a Německý akciový trh  |c Jiří Břicháček 
520 |a Z histórie nemeckého kapitálového trhu. Právne podmienky: akciový zákon, zákon o úschove a správe cenných papierov, zákon o burze, zákon o prospekte cenného papiera, zákon o obchodoch s cennými papierami. Inštitúcie nemeckého kapitálového trhu: spolkový dozor nad burzovým obchodom, štátni komisári, burzy cenných papierov, bankové inštitúcie, investičné kapitálové spoločnosti, podielové spoločnosti, depozitné banky. 
610 2 0 |a trh kapitálový 
610 2 0 |a Nemecko 
610 2 0 |a história 
610 2 0 |a akcie 
610 2 0 |a legislatíva 
610 2 0 |a zákony 
610 2 0 |a papiere cenné 
610 2 0 |a burzy 
610 2 0 |a ústavy finančné 
610 2 0 |a spoločnosti finančné 
100 1 |a Břicháček, Jiří